000 00465nam a2200181Ia 4500
001 13076
005 20260306163027.0
008 260306t1991||||xx |||||||||||||| ||spa||
041 _aESP
082 _aRD 803
_bL86
100 _aLópez Soto, Vicente
_eAUT
245 0 _aDiccionario de autores, obras y personajes de la literatura latina
260 _c1991
300 _a303 páginas :
_c17 cm.
650 _aGEN
654 _aCHU
942 _cDIC
_dJUS
_fJUS
_2ddc
_n
999 _c13076
_d13076